BEN SANA MECBURUM (Kayıt no. 727994)

MARC ayrıntıları
000 -LEADER
sabit uzunluktaki kontrol alanı 00266nam a2200097Ia 4500
001 - KONTROL NUMARASI
kontrol alanı 727994
005 - EN SON İŞLEMİN TARİH VE ZAMANI
kontrol alanı 20250826163459.0
008 - SABİT-UZUNLUKTA VERİ ÖĞELERİ--GENEL BİLGİ
sabit uzunluktaki kontrol alanı 250824s9999 xx 000 0 und d
245 #0 - ESER / YAZAR
ESER ADI BEN SANA MECBURUM
Yazar Adı ATİLLA İLHAN
260 ## - YAYIN, DAĞITIM, VB.
YAYIN EVİ TÜRKİYE İŞ BANKASI KÜLTÜR YAYINLARI
Mevcut
Düşüm durumu Kayıp durumu Hasar Durumu Ödünç verilmez Ana kütüphane Geçerli Kütüphane Edinilen tarih Toplam ödünç verme sayısı Barkod Son görüntüleme tarihi Son ödünç verme tarihi Fiyatın geçerli olmaya başladığı tarih Koha materyal türü
        SELÇUKLU FEN LİSESİ SELÇUKLU FEN LİSESİ 24.08.2025 1 10303034 30.12.2025 26.12.2025 26.08.2025 Kitaplar
Gemini Bilgi Teknolojileri A.Ş. tarafından düzenlenmiştir.